[Event "Commonwealth-ch"]
[Site "Waskaduwa"]
[Date "2022.11.17"]
[Round "4"]
[White "Kiriella, KGTSD"]
[Black "De Silva, LMST"]
[Result "1/2-1/2"]
[WhiteElo "1845"]
[BlackElo "2521"]
[PlyCount "99"]
[EventDate "2022.11.14"]
[EventType "swiss"]
[EventRounds "9"]
[EventCountry "SRI"]
[SourceTitle "CBM 211 Extra"]
[Source "ChessBase"]
[SourceDate "2023.01.31"]
[SourceVersion "1"]
[SourceVersionDate "2023.01.31"]
[SourceQuality "1"]

1. e4 e6 2. d4 d5 3. exd5 exd5 4. Bd3 Nf6 5. Nf3 c5 6. c3 c4 7. Bc2 Bd6 8. Qe2+ Be7 9. b3 cxb3 10. axb3 0-0 11. 0-0 Nc6 12. Ne5 Re8 13. Nxc6 bxc6 14. Qd3 g6 15. Ba3 a5 16. Bxe7 Qxe7 17. Qd2 Ba6 18. Bd3 Bxd3 19. Qxd3 Qe2 20. Qxe2 Rxe2 21. f3 Rb8 22. Rf2 Rxf2 23. Kxf2 Rxb3 24. Ke2 Nd7 25. Kd3 Rb2 26. Nd2 Nb6 27. c4 Nxc4 28. Nxc4 dxc4+ 29. Kxc4 Rxg2 30. Rxa5 Rxh2 31. Rc5 Rc2+ 32. Kb4 Rb2+ 33. Kc4 Rf2 34. Rxc6 Rxf3 35. Rc8+ Kg7 36. d5 Rf1 37. Kb5 Kf6 38. Re8 Rd1 39. Kc6 h5 40. d6 h4 41. d7 g5 42. d8Q+ Rxd8 43. Rxd8 h3 44. Kd5 Kf5 45. Rf8 f6 46. Kd4 Kf4 47. Rxf6+ Kg3 48. Ke4 g4 49. Kf5 h2 50. Rh6 1/2-1/2

[Event "World ol U16"]
[Site "Nakhchivan"]
[Date "2022.10.03"]
[Round "2.11"]
[White "Kiriella, KGTSD"]
[Black "Karam, Youssef Mark"]
[Result "0-1"]
[WhiteElo "1907"]
[BlackElo "1488"]
[PlyCount "80"]
[EventDate "2022.10.02"]
[EventType "team-swiss"]
[EventRounds "9"]
[EventCountry "AZE"]
[SourceTitle "CBM 210 Extra"]
[Source "ChessBase"]
[SourceDate "2022.11.30"]
[SourceVersion "1"]
[SourceVersionDate "2022.11.30"]
[SourceQuality "1"]
[WhiteTeam "Sri Lanka"]
[BlackTeam "Lebanon"]
[WhiteTeamCountry "SRI"]
[BlackTeamCountry "LBN"]

1. e4 c5 2. Nf3 a6 3. Nc3 Nc6 4. d4 cxd4 5. Nxd4 e6 6. Nxc6 bxc6 7. e5 Qc7 8. f4 d6 9. exd6 Bxd6 10. g3 Nf6 11. Bg2 Bc5 12. Qf3 Nd5 13. Ne4 Ba7 14. c4 0-0 15. cxd5 exd5 16. Nf2 Re8+ 17. Kd1 Qb6 18. Nd3 Bf5 19. b3 Qd4 20. Kc2 Qxa1 21. Bb2 Qxa2 22. Ra1 Qxa1 23. Bxa1 Re3 24. Qh5 Bxd3+ 25. Kd2 Bg6 26. Qg4 f5 27. Qg5 Rae8 28. Be5 Rxb3 29. h4 Bf2 30. g4 Rg3 31. Bf3 Rxf3 32. h5 Rxe5 33. hxg6 Re8 34. gxh7+ Kh8 35. gxf5 Rxf4 36. Qg6 Be1+ 37. Kd1 Re5 38. Qf7 Kxh7 39. Qg6+ Kg8 40. Qxc6 Rd4+ 0-1

[Event "SRI-ch"]
[Site "Nugegoda"]
[Date "2021.12.26"]
[Round "4"]
[White "Kiriella, KGTSD"]
[Black "De Silva, LMST"]
[Result "1/2-1/2"]
[WhiteElo "1608"]
[BlackElo "2131"]
[PlyCount "95"]
[EventDate "2021.12.24"]
[EventType "tourn"]
[EventRounds "13"]
[EventCountry "SRI"]
[SourceTitle "CBM 205 Extra"]
[Source "ChessBase"]
[SourceDate "2022.01.31"]
[SourceVersion "1"]
[SourceVersionDate "2022.01.31"]
[SourceQuality "1"]

1. e4 e5 2. Nf3 Nc6 3. d4 exd4 4. Nxd4 Qf6 5. Nxc6 Bc5 6. Qf3 bxc6 7. Nc3 a5 8. Bd3 d6 9. Qxf6 Nxf6 10. Na4 Bd4 11. Bd2 Bd7 12. c3 Ba7 13. b3 0-0 14. f3 d5 15. 0-0-0 dxe4 16. Bxe4 Nxe4 17. fxe4 Rfe8 18. Bf4 Bg4 19. Rde1 Re7 20. Be3 Bxe3+ 21. Rxe3 Rae8 22. Nc5 Bh5 23. Rhe1 f6 24. b4 Bf7 25. a3 f5 26. e5 Bd5 27. g3 axb4 28. cxb4 g5 29. e6 f4 30. Re5 h6 31. gxf4 gxf4 32. Nd7 Kh8 33. Nf6 Rd8 34. Nxd5 Rxd5 35. Rxd5 cxd5 36. a4 c6 37. Kd2 Kg7 38. a5 Kf8 39. Rf1 Rxe6 40. Rxf4+ Ke8 41. a6 Re7 42. Rf6 Kd7 43. Rf8 Ke6 44. Rh8 Kd6 45. Rxh6+ Kc7 46. Rh3 Kb6 47. Ra3 Ka7 48. Ra2 1/2-1/2

[Event "World School-ch U13"]
[Site "Antalya"]
[Date "2019.04.26"]
[Round "9"]
[White "Kiriella, KGTSD"]
[Black "Huseynzade, Tamerlan"]
[Result "1-0"]
[WhiteElo "1544"]
[BlackElo "1499"]
[PlyCount "63"]
[EventDate "2019.04.18"]
[EventType "swiss"]
[EventRounds "9"]
[EventCountry "TUR"]
[SourceTitle "CBM 190 Extra"]
[Source "ChessBase"]
[SourceDate "2019.07.15"]
[SourceVersion "1"]
[SourceVersionDate "2019.07.15"]
[SourceQuality "1"]

1. e4 c5 2. Nf3 d6 3. d4 cxd4 4. Nxd4 Nf6 5. Nc3 g6 6. Be3 Bg7 7. Be2 Nc6 8. 0-0 0-0 9. f4 Bd7 10. Bf3 Rc8 11. Nxc6 Bxc6 12. e5 dxe5 13. fxe5 Nd7 14. e6 Ne5 15. exf7+ Rxf7 16. Bxc6 Rxf1+ 17. Kxf1 Nxc6 18. Qd5+ Qxd5 19. Nxd5 Rf8+ 20. Ke2 b6 21. c3 Rd8 22. Rd1 e6 23. Ne7+ Nxe7 24. Rxd8+ Kf7 25. Rd7 Kf8 26. Rxa7 Nd5 27. Rb7 h5 28. Bxb6 Be5 29. g3 g5 30. Bd4 Bd6 31. Rd7 Be7 32. a4 1-0

[Event "World School-ch U13"]
[Site "Antalya"]
[Date "2019.04.22"]
[Round "5"]
[White "Garv, Gaur"]
[Black "Kiriella, KGTSD"]
[Result "1-0"]
[WhiteElo "1711"]
[BlackElo "1544"]
[PlyCount "53"]
[EventDate "2019.04.18"]
[EventType "swiss"]
[EventRounds "9"]
[EventCountry "TUR"]
[SourceTitle "CBM 190 Extra"]
[Source "ChessBase"]
[SourceDate "2019.07.15"]
[SourceVersion "1"]
[SourceVersionDate "2019.07.15"]
[SourceQuality "1"]

1. d4 Nf6 2. Nf3 g6 3. c4 Bg7 4. g3 0-0 5. Bg2 d6 6. 0-0 c5 7. Nc3 Nc6 8. d5 Nb8 9. h3 Nbd7 10. e4 Ne8 11. Bd2 a6 12. Qc1 Ne5 13. Nxe5 Bxe5 14. f4 Bd4+ 15. Be3 e5 16. dxe6 fxe6 17. Kh2 e5 18. Nd5 Ng7 19. fxe5 Rxf1 20. Qxf1 Bxe3 21. Nxe3 dxe5 22. Rd1 Qg5 23. h4 Qe7 24. Nd5 Qf8 25. Qxf8+ Kxf8 26. Nb6 Rb8 27. Rd8+ 1-0

[Event "World School-ch U13"]
[Site "Antalya"]
[Date "2019.04.20"]
[Round "3"]
[White "Nessipbayev, Bekmukhamed"]
[Black "Kiriella, KGTSD"]
[Result "0-1"]
[WhiteElo "1586"]
[BlackElo "1544"]
[PlyCount "32"]
[EventDate "2019.04.18"]
[EventType "swiss"]
[EventRounds "9"]
[EventCountry "TUR"]
[SourceTitle "CBM 190 Extra"]
[Source "ChessBase"]
[SourceDate "2019.07.15"]
[SourceVersion "1"]
[SourceVersionDate "2019.07.15"]
[SourceQuality "1"]

1. d4 Nf6 2. c4 g6 3. g3 Bg7 4. Bg2 0-0 5. Nc3 d6 6. Nf3 c5 7. dxc5 dxc5 8. Qxd8 Rxd8 9. Ne5 Nfd7 10. Nd3 Nc6 11. Be3 Nd4 12. Rc1 Rb8 13. Bg5 Re8 14. Nd5 Bf8 15. h4 h6 16. Bd2 b6 0-1